000 00390nam a22001577a 4500
999 _c533465
_d533465
003 NUST
005 20200106122706.0
008 200106b ||||| |||| 00| 0 eng d
038 _aMSOHAIL
082 _a813.54
100 _aTerry Brooks
_927370
245 _aFirst King of Shannara:
260 _aUSA
_bThe Ballantine Group of Publishing
_cc2009
300 _a534;pxv
942 _2ddc
_cBK